Statistics for Mexico True or False?

Click here to take the quiz!

General Stats

  • This quiz has been taken 30,704 times
  • The average score is 11 of 15

Answer Stats

QuestionAnswer% Correct
Mexico is part of South AmericaFalse
95%
Mexico is the poorest country in the Western HemisphereFalse
93%
Mexico borders the Gulf of MexicoTrue
91%
Mexico borders PanamaFalse
89%
Chihuahua is a Mexican stateTrue
89%
The flag of Mexico has an eagle on itTrue
88%
Maize, also known as corn, was originally domesticated in MexicoTrue
82%
Mexico has active volcanosTrue
76%
Mexico has a lower murder rate than the United StatesFalse
72%
Cancun is located on the Baja California peninsulaFalse
67%
The full Spanish name of Mexico is Estados Unidos MexicanosTrue
63%
Narcocorrido is a genre of music that tells stories about illegal drug traffickingTrue
60%
France invaded Mexico in the 19th century and installed an emperorTrue
52%
Mexico celebrates its independence on May 5th, aka Cinco de MayoFalse
49%
Aztecs originally developed the ghost pepper as a way to poison ratsFalse
35%

Score Distribution

Percentile by Number Answered

Percent of People with Each Score

Your Score History

You have not taken this quiz